[Event "National op blitz"]
[Site "Las Vegas"]
[Date "1993.??.??"]
[Round "?"]
[White "Fedorov, V."]
[Black "Shirazi, Kamran"]
[Result "0-1"]
[WhiteElo "2425"]
[BlackElo "2460"]
[PlyCount "56"]
[EventDate "1993.??.??"]
[EventType "swiss (blitz)"]
[EventRounds "9"]
[EventCountry "USA"]
[SourceTitle "EXT 2001"]
[Source "ChessBase"]
[SourceDate "2000.11.22"]
[SourceVersion "1"]
[SourceVersionDate "2000.11.22"]
[SourceQuality "1"]

1. e4 d6 2. d4 Nf6 3. Nc3 e5 4. Nf3 Nbd7 5. Bc4 Be7 6. a4 a5 7. h3 0-0 8. 0-0 c6 9. Re1 Qc7 10. Ba2 exd4 11. Nxd4 Re8 12. Nf5 Bf8 13. Bg5 Qb6 14. Rb1 Qc5 15. Qf3 Ne5 16. Qg3 Bxf5 17. exf5 Ned7 18. Qd3 d5 19. Be3 Qb4 20. Bd4 Bc5 21. Bxc5 Nxc5 22. Qd2 Nxa4 23. Qd3 Nxc3 24. bxc3 Qa3 25. Rxe8+ Rxe8 26. Rxb7 Qxa2 27. Ra7 Qb1+ 28. Kh2 Qb8+ 0-1